<?xml version="1.0" encoding="UTF-8"?>
<record
    xmlns:xsi="http://www.w3.org/2001/XMLSchema-instance"
    xsi:schemaLocation="http://www.loc.gov/MARC21/slim http://www.loc.gov/standards/marcxml/schema/MARC21slim.xsd"
    xmlns="http://www.loc.gov/MARC21/slim">

  <leader>02398mam a2200361 a 4500</leader>
  <controlfield tag="001">11716</controlfield>
  <controlfield tag="003">BD-RjUL</controlfield>
  <controlfield tag="005">20211208235154.0</controlfield>
  <controlfield tag="008">140127s1993    xxu      b    001 0 eng d</controlfield>
  <datafield tag="020" ind1=" " ind2=" ">
    <subfield code="a">0397447655</subfield>
  </datafield>
  <datafield tag="035" ind1=" " ind2=" ">
    <subfield code="a">(OCoLC)ocm28678342</subfield>
  </datafield>
  <datafield tag="035" ind1=" " ind2=" ">
    <subfield code="a">(BD-RjUL)11765</subfield>
  </datafield>
  <datafield tag="040" ind1=" " ind2=" ">
    <subfield code="a">NLM</subfield>
    <subfield code="c">NLM</subfield>
    <subfield code="d">NDK</subfield>
    <subfield code="d">UKM</subfield>
    <subfield code="d">TMV</subfield>
    <subfield code="d">KKS</subfield>
    <subfield code="d">BD-RjUL</subfield>
    <subfield code="b">eng</subfield>
  </datafield>
  <datafield tag="041" ind1=" " ind2=" ">
    <subfield code="a">eng</subfield>
  </datafield>
  <datafield tag="060" ind1="0" ind2=" ">
    <subfield code="a">QW 504</subfield>
    <subfield code="b">R741i 1993</subfield>
  </datafield>
  <datafield tag="082" ind1="0" ind2="4">
    <subfield code="a">574.29</subfield>
    <subfield code="2">20</subfield>
    <subfield code="b">ROI 1993</subfield>
  </datafield>
  <datafield tag="100" ind1="1" ind2=" ">
    <subfield code="a">Roitt, Ivan M.</subfield>
    <subfield code="q">(Ivan Maurice)</subfield>
    <subfield code="9">36251</subfield>
  </datafield>
  <datafield tag="245" ind1="1" ind2="0">
    <subfield code="a">Immunology /</subfield>
    <subfield code="c">Ivan M. Roitt, Jonathan Brostoff, David K. Male ; editorial consultant, Linda Gamlin.</subfield>
  </datafield>
  <datafield tag="250" ind1=" " ind2=" ">
    <subfield code="a">3rd ed.</subfield>
  </datafield>
  <datafield tag="260" ind1=" " ind2=" ">
    <subfield code="a">St Louis :</subfield>
    <subfield code="b">Mosby,</subfield>
    <subfield code="c">c1993.</subfield>
  </datafield>
  <datafield tag="300" ind1=" " ind2=" ">
    <subfield code="a">1 v. (various pagings) :</subfield>
  </datafield>
  <datafield tag="504" ind1=" " ind2=" ">
    <subfield code="a">Includes bibliographical references and index.</subfield>
  </datafield>
  <datafield tag="505" ind1="0" ind2=" ">
    <subfield code="a">Introduction to the immune system / David Male and Ivan Roitt -- Cells involved in immune responses / Peter Lydyard and Carlo Grossi -- Lymphoid system / Peter Lydyard and Carlo Grossi -- Antigen receptor molecules / Malcolm Turner and Michael Owen -- Generation of diversity / Frank Hay -- Antigen recognition / Michael Owen and Michael Steward -- Cell cooperatin in the antibody response / Marc Feldmann -- Cell-mediated immune reactions / Graham Rook -- Regulation of the immune response / Anne Cooke -- Immunological tolerance / Jaques Miller -- Development of the immune system / Peter Lydyard and Carlo Grossi -- Complement / Mark Walport -- Cell migration and inflammation / David Male -- Evolution of immunity / John Horton and Norman Ratcliffe -- Immunity to viruses, bacteria and fungi / Graham Rook -- Immunity to protozoa and worms / Janice Taverne -- Tumour immunology / Peter Beverley -- Immunodeficiency / Fred Rosen.</subfield>
  </datafield>
  <datafield tag="505" ind1="0" ind2=" ">
    <subfield code="a">(cont) Hypersensitivity: type I / Jonathan Brostoff and Tony Hall -- Hypersensitivity: type II / David Male -- Hypersensitivity: type III / Frank Hay -- Hypersensitivity: type IV / Ross Barnetson and David Gawkrodger -- Transplantation and rejection / Ian Hutchinson -- Autoimmunity and autoimmune disease / Ivan Roitt -- Immunological techniques / Michael Steward and David Male.</subfield>
  </datafield>
  <datafield tag="650" ind1=" " ind2="0">
    <subfield code="a">Immunology.</subfield>
    <subfield code="9">35506</subfield>
  </datafield>
  <datafield tag="650" ind1=" " ind2="2">
    <subfield code="a">Allergy and Immunology.</subfield>
    <subfield code="9">36252</subfield>
  </datafield>
  <datafield tag="653" ind1="0" ind2=" ">
    <subfield code="a">Immunology</subfield>
  </datafield>
  <datafield tag="700" ind1="1" ind2=" ">
    <subfield code="a">Brostoff, Jonathan.</subfield>
    <subfield code="9">36253</subfield>
  </datafield>
  <datafield tag="700" ind1="1" ind2=" ">
    <subfield code="a">Male, David K.,</subfield>
    <subfield code="d">1954-</subfield>
    <subfield code="9">35509</subfield>
  </datafield>
  <datafield tag="700" ind1="1" ind2=" ">
    <subfield code="a">Gamlin, Linda.</subfield>
    <subfield code="9">36254</subfield>
  </datafield>
  <datafield tag="942" ind1=" " ind2=" ">
    <subfield code="2">ddc</subfield>
    <subfield code="c">BK</subfield>
    <subfield code="0">1</subfield>
  </datafield>
  <datafield tag="999" ind1=" " ind2=" ">
    <subfield code="c">11716</subfield>
    <subfield code="d">11716</subfield>
  </datafield>
  <datafield tag="952" ind1=" " ind2=" ">
    <subfield code="0">0</subfield>
    <subfield code="1">0</subfield>
    <subfield code="2">ddc</subfield>
    <subfield code="4">0</subfield>
    <subfield code="7">1</subfield>
    <subfield code="8">NFIC</subfield>
    <subfield code="a">RUCL</subfield>
    <subfield code="b">RUCL</subfield>
    <subfield code="c">Reading</subfield>
    <subfield code="d">1996-01-28</subfield>
    <subfield code="e">Mullik Bro.</subfield>
    <subfield code="g">1000.00</subfield>
    <subfield code="l">0</subfield>
    <subfield code="o">574.29 ROI 1993</subfield>
    <subfield code="r">2014-01-27 00:00:00</subfield>
    <subfield code="t">C-1</subfield>
    <subfield code="w">2014-01-27</subfield>
    <subfield code="y">BK</subfield>
  </datafield>
  <datafield tag="952" ind1=" " ind2=" ">
    <subfield code="0">0</subfield>
    <subfield code="1">0</subfield>
    <subfield code="2">ddc</subfield>
    <subfield code="4">0</subfield>
    <subfield code="7">0</subfield>
    <subfield code="8">NFIC</subfield>
    <subfield code="a">RUCL</subfield>
    <subfield code="b">RUCL</subfield>
    <subfield code="c">Stack</subfield>
    <subfield code="d">1996-01-28</subfield>
    <subfield code="e">Mullik Bro.</subfield>
    <subfield code="g">1000.00</subfield>
    <subfield code="l">2</subfield>
    <subfield code="o">574.29 ROI 1993</subfield>
    <subfield code="r">2015-12-26 00:00:00</subfield>
    <subfield code="s">2015-12-23</subfield>
    <subfield code="t">C-2</subfield>
    <subfield code="w">2014-01-27</subfield>
    <subfield code="y">BK</subfield>
  </datafield>
</record>
